| 000 | 00681nam a2200217 a 4500 | ||
|---|---|---|---|
| 001 | BRCA_5200 | ||
| 005 | 20190320205000.0 | ||
| 008 | 750507r1969----it-a#####b---#000-0#eng-# | ||
| 050 | 4 |
_aNK7143 _b.B34 1969 |
|
| 100 | 1 |
_aBanister, Judith _913318 |
|
| 245 | 1 | 0 |
_aEnglish silver _cJudith Banister. |
| 260 |
_aItalia _bPaul Hamlyn _c1969 |
||
| 300 |
_a157 p. _bil. a color , 71 láminas _c20 cm. |
||
| 440 | 0 |
_aCameo _913276 |
|
| 500 | _aIncluye lista de ilustraciones | ||
| 500 | _aTraducción de: Gli Argenti Inglesi | ||
| 500 | _aDonación Dr. Héctor Rivero Borrell Vázquez | ||
| 650 | 1 | 4 |
_aPlatería británica _vHitoria _zGran Bretaña _913319 |
| 902 | _aDHR | ||
| 942 |
_2lcc _cB |
||
| 999 |
_c4894 _d4894 |
||